<?xml version="1.0" encoding="UTF-8"?>
<collection xmlns="http://www.loc.gov/MARC21/slim">
<record>
  <controlfield tag="001">814</controlfield>
  <datafield tag="037" ind1=" " ind2=" ">
    <subfield code="a">1000019</subfield>
  </datafield>
  <datafield tag="041" ind1=" " ind2=" ">
    <subfield code="a">eng</subfield>
  </datafield>
  <datafield tag="100" ind1=" " ind2=" ">
    <subfield code="a">Thompson and West</subfield>
  </datafield>
  <datafield tag="245" ind1=" " ind2=" ">
    <subfield code="a">St. Gertrude's Academy, New Rio Vista</subfield>
  </datafield>
  <datafield tag="260" ind1=" " ind2=" ">
    <subfield code="c">1878</subfield>
  </datafield>
  <datafield tag="520" ind1=" " ind2=" ">
    <subfield code="a">"New Rio Vista," founded by Joseph Bruning, 1862.  Historical atlas map of Solano County, California. Compiled, drawn and published from personal examinations and surveys by Thompson and West. San Francisco, Cala. 1878. Thos. Hunter, Pr. Phila. N. Friend, Engr. Philad. C.L. Smith, Del.</subfield>
  </datafield>
  <datafield tag="856" ind1="0" ind2=" ">
    <subfield code="f">vacahc@gmail.com</subfield>
  </datafield>
  <datafield tag="980" ind1=" " ind2=" ">
    <subfield code="a">28393462837</subfield>
  </datafield>
</record>
</collection>